000 00287nam a2200109Ia 4500
008 190216s9999||||xx |||||||||||||| ||und||
100 _a"Shukla M C,Grewal T S&Amp; Gupta S C"
245 0 _aSolutions To Problems In Advanced Accounts
260 _bNull
_c1978
300 _a417p
942 _cBK
999 _c3990
_d3990